000 00661nam a2200241Ia 4500
003 OSt
005 20220918174040.0
006 a|||||r|||| 00| 0
007 ta
008 220917b |||||||| |||| 00| 0 eng d
024 _a10,188
037 _cTextual
040 _aARTS
_cARTS
_beng
041 _2eng
_aeng
082 _aQ7:33w, N0
100 _aZakaria Bashier
_948909
245 0 _aSunshine at Madinah
_b studies in the life of the Prophet Muhammad
260 _aLercestu
_bIslamic Foundation
_c1990
300 _a232p.
_ccm.
650 _aRELIGION
942 _hQ7:33w, N0
_cTEXL
_2CC
999 _c151562
_d151562